000
00298nam a2200121Ia 4500
008
241002s9999 xx 000 0 und d
082
_a
808.3 THO
100
_a
Thomas, Hardy
245
0
_a
Helps to the study from the madding crowd
260
_a
Karachi:
_c
N/A
600
_a
Literature
942
_c
UC
999
_c
18948
_d
18948